000 00521nam a22001697a 4500
003 NUST - PNEC
005 20170116180957.0
008 150912b xxu||||| |||| 00| 0 eng d
020 _a0444854819
040 _cLIBRARY
082 _a621.3817 KAI
100 _99322
_aKaiser, W.A.
245 _aFrom electronics to microelectronics : 4. European Conf. on Electrotechnics, EUROCON '80, Stuttgart, Germany, March 24-80, 1980
_c W.A. Kaiser
260 _cc.1980
650 _99327
_aElectronic
_xEL , ME
942 _2ddc
_cBK
999 _c66584
_d66584